[Event "Andujar op"]
[Site "Andujar"]
[Date "2025.07.02"]
[Round "8"]
[White "Plazuelo Pascual, Juan"]
[Black "Krauchi Romero, Martin"]
[Result "1/2-1/2"]
[WhiteElo "2450"]
[BlackElo "2310"]
[PlyCount "50"]
[EventDate "2025.06.27"]
[EventType "swiss"]
[EventRounds "9"]
[EventCountry "ESP"]
[SourceTitle "CB28_2025"]
[SourceDate "2025.07.09"]
[SourceVersion "1"]
[SourceVersionDate "2025.07.09"]
[SourceQuality "1"]

1. e4 e5 2. Nf3 Nc6 3. Bb5 a6 4. Ba4 Nf6 5. 0-0 Bc5 6. c3 b5 7. Bb3 d6 8. a4 Bg4 9. h3 Bxf3 10. Qxf3 Na5 11. Ba2 bxa4 12. Rd1 Bb6 13. d4 Qe7 14. Nd2 0-0 15. Nc4 Nxc4 16. Bxc4 exd4 17. cxd4 Qxe4 18. Qxe4 Nxe4 19. Bd5 Rae8 20. Bc6 Re6 21. Rxa4 a5 22. Bd5 Ree8 23. Bc6 Re6 24. Bd5 Ree8 25. Bc6 Re6 1/2-1/2

[Event "Andujar op"]
[Site "Andujar"]
[Date "2025.06.29"]
[Round "5"]
[White "Krauchi Romero, Martin"]
[Black "Gines Esteo, Pedro Antonio"]
[Result "1/2-1/2"]
[WhiteElo "2310"]
[BlackElo "2485"]
[PlyCount "50"]
[EventDate "2025.06.27"]
[EventType "swiss"]
[EventRounds "9"]
[EventCountry "ESP"]
[SourceTitle "CB28_2025"]
[SourceDate "2025.07.09"]
[SourceVersion "1"]
[SourceVersionDate "2025.07.09"]
[SourceQuality "1"]

1. c4 e5 2. Nc3 Bb4 3. Qb3 Bxc3 4. Qxc3 Nc6 5. Nf3 Qf6 6. d3 d6 7. g3 e4 8. Qxf6 Nxf6 9. dxe4 Nxe4 10. Bg2 0-0 11. 0-0 Re8 12. Be3 Bg4 13. Rac1 a5 14. Rfd1 Nc5 15. h3 Bxf3 16. Bxf3 Rxe3 17. fxe3 Ne5 18. Kf2 Kf8 19. b3 Ra6 20. Rc3 Rb6 21. Rb1 Na4 22. Rcc1 Nc5 23. Rc3 Na4 24. Rcc1 Nc5 25. Rc3 Na4 1/2-1/2

[Event "Andujar op"]
[Site "Andujar"]
[Date "2025.06.29"]
[Round "4"]
[White "Krauchi Romero, Martin"]
[Black "Meskovs, Nikita"]
[Result "0-1"]
[WhiteElo "2310"]
[BlackElo "2529"]
[PlyCount "78"]
[EventDate "2025.06.27"]
[EventType "swiss"]
[EventRounds "9"]
[EventCountry "ESP"]
[SourceTitle "CB28_2025"]
[SourceDate "2025.07.09"]
[SourceVersion "1"]
[SourceVersionDate "2025.07.09"]
[SourceQuality "1"]

1. d4 Nf6 2. c4 e6 3. Nf3 b6 4. a3 Bb7 5. Nc3 d5 6. cxd5 Nxd5 7. e3 Nd7 8. Bd3 Be7 9. e4 Nxc3 10. bxc3 c5 11. 0-0 0-0 12. Qe2 Qc7 13. h4 Rac8 14. Bg5 Bxg5 15. hxg5 cxd4 16. cxd4 Qf4 17. a4 a5 18. Rab1 Rc3 19. Rfe1 Rd8 20. Bb5 Nf8 21. Ba6 Bxa6 22. Qxa6 Rxf3 23. gxf3 Ng6 24. Rb5 e5 25. Qxb6 Qxg5+ 26. Kf1 h5 27. Rxe5 Nxe5 28. dxe5 Re8 29. Qxa5 h4 30. Ke2 h3 31. Qd2 Qxe5 32. Rh1 Qe6 33. Qg5 Rb8 34. Ke3 Qd6 35. Qd5 Qh6+ 36. f4 h2 37. a5 Qh3+ 38. Kd4 Qg2 39. Qd6 Re8 0-1

[Event "Alcorcon Diagonal-A 3rd"]
[Site "Alcorcon"]
[Date "2024.12.29"]
[Round "7"]
[White "Krauchi Romero, Martin"]
[Black "Torres Rebolledo, Alvaro"]
[Result "1/2-1/2"]
[WhiteElo "2238"]
[BlackElo "2137"]
[PlyCount "205"]
[EventDate "2024.12.26"]
[EventType "tourn"]
[EventRounds "9"]
[EventCountry "ESP"]
[EventCategory "3"]
[SourceTitle "CB01_2025"]
[SourceDate "2025.01.01"]
[SourceVersion "1"]
[SourceVersionDate "2025.01.01"]
[SourceQuality "1"]

1. d4 Nf6 2. c4 e6 3. Nf3 h6 4. g3 Bb4+ 5. Bd2 Be7 6. Bg2 0-0 7. 0-0 d5 8. Qc2 c6 9. Bf4 Nbd7 10. Rd1 a5 11. Nc3 dxc4 12. Nd2 Nb6 13. e4 a4 14. Ne2 c5 15. dxc5 Bxc5 16. Nxc4 Bd7 17. Nd6 Bxd6 18. Bxd6 Rc8 19. Nc3 Re8 20. Rac1 e5 21. b3 Rc6 22. Bb4 Qa8 23. Qb2 Bg4 24. f3 Bd7 25. Bf1 Rec8 26. Qf2 axb3 27. axb3 Be6 28. Qb2 Nbd7 29. Ra1 Qb8 30. Bb5 Rb6 31. Ra5 Nc5 32. Qf2 Qc7 33. Bxc5 Qxc5 34. Na4 Qxb5 35. Rxb5 Rxb5 36. Nb6 Rc3 37. Nc4 Rcxb3 38. Nd6 R5b4 39. Re1 Rd3 40. Nf5 h5 41. Qc5 Rb2 42. Qxe5 Rdd2 43. Ne3 Rxh2 44. Qb8+ Kh7 45. Qf4 Kg8 46. Rd1 Rhe2 47. Rd8+ Kh7 48. Rd1 b5 49. Qg5 g6 50. Qxf6 Rbd2 51. Rxd2 Rxd2 52. Qc3 Rd7 53. Qe5 b4 54. Nd5 Bxd5 55. exd5 b3 56. Kf2 b2 57. Qxb2 Rxd5 58. Qb7 Rf5 59. Ke3 Rf6 60. Ke4 Re6+ 61. Kd5 Kg8 62. Qd7 Kg7 63. Qa4 Kg8 64. Qd4 Ra6 65. Qf4 Kg7 66. g4 hxg4 67. fxg4 Re6 68. g5 Ra6 69. Qe5+ Kg8 70. Qb8+ Kg7 71. Qb2+ Kg8 72. Qc3 Kh7 73. Qc7 Kg7 74. Ke5 Re6+ 75. Kd5 Ra6 76. Qe7 Rb6 77. Ke5 Ra6 78. Kd5 Rb6 79. Qe5+ Kg8 80. Qc7 Rb5+ 81. Kd6 Rf5 82. Ke7 Rxg5 83. Qd8+ Kh7 84. Kxf7 Rf5+ 85. Ke6 Kg7 86. Qh4 Rf7 87. Qd4+ Kg8 88. Qe5 Rf5 89. Qc7 Kh8 90. Ke7 Kg7 91. Ke8+ Kg8 92. Qe7 Kh8 93. Qh4+ Kg7 94. Ke7 Rf7+ 95. Ke6 Rf5 96. Qe7+ Kg8 97. Qc7 Kh8 98. Ke7 Kg7 99. Qc3+ Kg8 100. Ke6 Kh7 101. Ke7 Kg8 102. Qe3 Kg7 103. Qe6 1/2-1/2

[Event "Alcorcon Diagonal-A 3rd"]
[Site "Alcorcon"]
[Date "2024.12.28"]
[Round "5"]
[White "Krauchi Romero, Martin"]
[Black "Gonzalez Lopez, Lucas I"]
[Result "1-0"]
[WhiteElo "2238"]
[BlackElo "2154"]
[PlyCount "153"]
[EventDate "2024.12.26"]
[EventType "tourn"]
[EventRounds "9"]
[EventCountry "ESP"]
[EventCategory "3"]
[SourceTitle "CB01_2025"]
[SourceDate "2025.01.01"]
[SourceVersion "1"]
[SourceVersionDate "2025.01.01"]
[SourceQuality "1"]

1. d4 Nf6 2. c4 g6 3. Nc3 Bg7 4. e4 d6 5. Nge2 0-0 6. Ng3 e5 7. d5 a5 8. Be2 Na6 9. h4 h5 10. Bg5 Qe8 11. Qd2 Nc5 12. f3 Nh7 13. Be3 Bd7 14. 0-0-0 b6 15. Kb1 a4 16. Nf1 f5 17. Qc2 Nf6 18. Nd2 Kh8 19. Nb5 Qc8 20. Rdf1 Kg8 21. Rhg1 Kh8 22. Nc3 Qe8 23. Bd3 Na6 24. a3 f4 25. Bf2 Nc5 26. Nb5 Bxb5 27. cxb5 Nxd3 28. Qxd3 Ra5 29. Rc1 Rf7 30. Rc6 Qd8 31. g3 fxg3 32. Bxg3 Nd7 33. Bf2 Kh7 34. Rgc1 Nb8 35. R6c3 Bf6 36. Qc2 Ra7 37. Bxb6 cxb6 38. Rc8 Qd7 39. Rxb8 Bd8 40. Qc8 Qxc8 41. Rcxc8 Bxh4 42. Rxb6 Rad7 43. Rbc6 Bf2 44. b6 Rb7 45. R8c7 Kh6 46. Nc4 Bxb6 47. Rxf7 Rxf7 48. Rxb6 Rxf3 49. Rxd6 h4 50. Rxg6+ Kh5 51. Rg8 h3 52. Nxe5 Rf1+ 53. Ka2 Kh4 54. Rg4+ Kh5 55. Rg8 Kh4 56. Rg4+ Kh5 57. Rg7 Kh4 58. d6 h2 59. Rh7+ Kg3 60. Nc4 h1Q 61. Rxh1 Rxh1 62. e5 Kf4 63. d7 Rh8 64. e6 Ke4 65. e7 Kd3 66. d8Q+ Rxd8 67. exd8Q+ Kxc4 68. Qa5 Kd3 69. Qxa4 Kd2 70. b4 Kc1 71. b5 Kd2 72. b6 Kc1 73. b7 Kd2 74. b8Q Ke3 75. Qaf4+ Ke2 76. Qb2+ Kd3 77. Qfd4# 1-0

[Event "Alcorcon Diagonal-A 3rd"]
[Site "Alcorcon"]
[Date "2024.12.27"]
[Round "3"]
[White "Mirzoev, Azer"]
[Black "Krauchi Romero, Martin"]
[Result "1-0"]
[WhiteElo "2469"]
[BlackElo "2238"]
[PlyCount "127"]
[EventDate "2024.12.26"]
[EventType "tourn"]
[EventRounds "9"]
[EventCountry "ESP"]
[EventCategory "3"]
[SourceTitle "CB01_2025"]
[SourceDate "2025.01.01"]
[SourceVersion "1"]
[SourceVersionDate "2025.01.01"]
[SourceQuality "1"]

1. d4 d5 2. Nf3 Nf6 3. c4 e6 4. Nc3 Bb4 5. Qa4+ Nc6 6. cxd5 exd5 7. Bg5 h6 8. Bxf6 Qxf6 9. e3 0-0 10. Be2 Be6 11. a3 Bd6 12. Nb5 Bg4 13. 0-0 Ne7 14. Nxd6 Qxd6 15. Rfc1 c6 16. b4 a6 17. Qc2 Nc8 18. h3 Bh5 19. Qf5 Bg6 20. Qe5 f6 21. Qxd6 Nxd6 22. Nd2 a5 23. Nb3 axb4 24. axb4 Rfc8 25. h4 Kf8 26. h5 Bf7 27. Nc5 Ke7 28. Nd3 Be6 29. Nf4 Bf7 30. g4 Kd7 31. f3 Bg8 32. Bd3 Re8 33. Kf2 Bf7 34. Ne2 Be6 35. Ng3 Rec8 36. Bg6 Kc7 37. Ne2 Kd7 38. Nf4 Rd8 39. Kg3 Ke7 40. Bd3 Kd7 41. Ne2 Re8 42. Kf4 Rf8 43. Ng3 Rfe8 44. e4 dxe4 45. fxe4 Bg8 46. Nf5 Nxf5 47. gxf5 Ke7 48. b5 Rxa1 49. Rxa1 cxb5 50. Ra7 Rd8 51. Bxb5 Bf7 52. Rxb7+ Kf8 53. d5 Bxh5 54. Bd7 g5+ 55. fxg6 Bxg6 56. Be6 Re8 57. e5 fxe5+ 58. Kxe5 Re7 59. Rb2 Ra7 60. Kf6 Be8 61. d6 Ra6 62. Rg2 Bf7 63. Bxf7 Rxd6+ 64. Be6 1-0

[Event "ESP-ch 89th"]
[Site "Marbella"]
[Date "2024.12.19"]
[Round "9"]
[White "Martin Duque, Jesus"]
[Black "Krauchi Romero, Martin"]
[Result "1-0"]
[WhiteElo "2375"]
[BlackElo "2238"]
[PlyCount "91"]
[EventDate "2024.12.11"]
[EventType "swiss"]
[EventRounds "9"]
[EventCountry "ESP"]
[SourceTitle "CB52_2024"]
[SourceDate "2024.12.25"]
[SourceVersion "1"]
[SourceVersionDate "2024.12.25"]
[SourceQuality "1"]

1. e4 e5 2. Nf3 Nc6 3. Bc4 Nf6 4. d3 Bc5 5. Be3 Bb6 6. a4 0-0 7. Nc3 d6 8. h3 Be6 9. Bxe6 fxe6 10. 0-0 Qe8 11. Bxb6 axb6 12. Ne2 Nh5 13. Nh2 Qg6 14. Ng4 Nf4 15. Nxf4 exf4 16. Nh2 Nd4 17. Nf3 Nxf3+ 18. Qxf3 Qf6 19. c3 g5 20. e5 Qxe5 21. Qxb7 f3 22. Rfe1 Qf5 23. Re3 g4 24. hxg4 Qxg4 25. Rxf3 Rxf3 26. Qxa8+ Rf8 27. Qe4 Rf4 28. Qe3 Rxa4 29. Rxa4 Qxa4 30. Qxe6+ Kg7 31. Qe2 Qd7 32. g3 Kg8 33. Kg2 Kg7 34. Qe4 Qf7 35. b4 Qd7 36. c4 Kf8 37. b5 Kg8 38. f3 Kf8 39. g4 Qg7 40. Kg3 Qa1 41. Qe3 Qf1 42. Kf4 h5 43. Kg5 hxg4 44. fxg4 Qa1 45. Qe6 Qg7+ 46. Qg6 1-0

[Event "ESP-ch U14"]
[Site "Salobrena"]
[Date "2024.07.15"]
[Round "1"]
[White "Krauchi Romero, Martin"]
[Black "Garcia Rodriguez, Daniel"]
[Result "1-0"]
[WhiteElo "2131"]
[BlackElo "1749"]
[PlyCount "107"]
[EventDate "2024.07.15"]
[EventType "swiss"]
[EventRounds "9"]
[EventCountry "ESP"]
[SourceTitle "EXT 2025"]
[Source "ChessBase"]
[SourceDate "2024.10.14"]
[SourceVersion "1"]
[SourceVersionDate "2024.10.14"]
[SourceQuality "1"]

1. e4 Nf6 2. e5 Nd5 3. d4 d6 4. c4 Nb6 5. exd6 exd6 6. h3 Be7 7. Nf3 Nc6 8. Bd3 Bf6 9. 0-0 0-0 10. Nc3 h6 11. Bb1 Ne7 12. Ne4 Ng6 13. Qd3 Be6 14. d5 Bc8 15. Bc2 Nd7 16. Re1 Re8 17. Nxf6+ Nxf6 18. Rxe8+ Qxe8 19. Bd2 Bd7 20. Re1 Qc8 21. Kh2 Rb8 22. Qd4 Qd8 23. b4 b6 24. Kg1 Kh8 25. a3 Kg8 26. Bd3 Kh8 27. Rc1 c5 28. dxc6 Bxc6 29. Bxg6 fxg6 30. Nh4 Kh7 31. Re1 d5 32. c5 bxc5 33. Qxc5 Ne4 34. Qxc6 Qxh4 35. Be3 Rf8 36. Qc2 a6 37. Rd1 Qh5 38. Qd3 Rd8 39. f3 Ng3 40. Bf2 Qg5 41. f4 Qxf4 42. Qxg3 Qc4 43. Qd3 Qc6 44. Qd4 Qe6 45. Re1 Qf5 46. Re7 Rd7 47. Rxd7 Qxd7 48. Be1 Qd6 49. Bc3 Qc7 50. a4 Qd7 51. b5 axb5 52. axb5 Qb7 53. b6 Qd7 54. Qxg7+ 1-0

[Event "ESP-ch U14"]
[Site "Salobrena"]
[Date "2024.07.15"]
[Round "2"]
[White "Puiggene Pascual, Arnau"]
[Black "Krauchi Romero, Martin"]
[Result "0-1"]
[WhiteElo "1862"]
[BlackElo "2131"]
[PlyCount "36"]
[EventDate "2024.07.15"]
[EventType "swiss"]
[EventRounds "9"]
[EventCountry "ESP"]
[SourceTitle "EXT 2025"]
[Source "ChessBase"]
[SourceDate "2024.10.14"]
[SourceVersion "1"]
[SourceVersionDate "2024.10.14"]
[SourceQuality "1"]

1. e4 c6 2. d4 d5 3. e5 c5 4. Nf3 cxd4 5. Qxd4 Nc6 6. Qf4 g6 7. Bd3 Bh6 8. Ng5 f6 9. h4 Nxe5 10. Qd4 Nxd3+ 11. cxd3 e5 12. Qe3 fxg5 13. Qxe5+ Qe7 14. Qxe7+ Nxe7 15. Nc3 Bf5 16. Nb5 Kd7 17. d4 a6 18. Nc3 Bg7 0-1

[Event "ESP-ch U12 rapid"]
[Site "Salobrena"]
[Date "2023.07.16"]
[Round "9"]
[White "Krauchi Romero, Martin"]
[Black "Odriozola Coscolin, Dani"]
[Result "0-1"]
[WhiteElo "1729"]
[BlackElo "1561"]
[PlyCount "190"]
[EventDate "2023.07.15"]
[EventType "swiss (rapid)"]
[EventRounds "9"]
[EventCountry "ESP"]
[SourceTitle "EXT 2024"]
[Source "ChessBase"]
[SourceDate "2023.10.10"]
[SourceVersion "1"]
[SourceVersionDate "2023.10.10"]
[SourceQuality "1"]

1. c4 Nf6 2. Nc3 e6 3. e4 d6 4. d4 Be7 5. Be2 0-0 6. Nf3 c5 7. d5 exd5 8. exd5 Re8 9. 0-0 h6 10. Bd3 b6 11. h3 Nbd7 12. Bf4 Ba6 13. Re1 Qc7 14. Qd2 Bf8 15. Rxe8 Rxe8 16. Re1 Rxe1+ 17. Qxe1 Qd8 18. b3 Qe8 19. Qxe8 Nxe8 20. Bf5 Ndf6 21. Kf1 g6 22. Bd3 Nc7 23. a4 Ncxd5 24. Nxd5 Nxd5 25. Bd2 Nf6 26. Ke2 Bb7 27. Bf4 Kg7 28. g3 Nd7 29. Nd2 f5 30. g4 Kf6 31. gxf5 gxf5 32. Nf1 Ne5 33. Ng3 Nxd3 34. Kxd3 Ke6 35. Nh5 Bf3 36. Ng3 Bg7 37. Kd2 a5 38. Kc2 Be4+ 39. Kd2 Bb1 40. Kc1 Be4 41. Kd2 Bf3 42. Kc2 h5 43. Nf1 Bg2 44. Ng3 Bf3 45. Nf1 Be5 46. Bg5 Bf6 47. Bf4 Bh4 48. Ng3 Bf6 49. Nf1 Bd4 50. Ne3 Bf6 51. Kd2 Bc6 52. Kc2 Bh4 53. Nd1 Bf3 54. Be3 Bxd1+ 55. Kxd1 Ke5 56. Ke2 f4 57. Bc1 Kf5 58. f3 Bf6 59. Kf2 Bc3 60. Ke2 Ke5 61. Kd3 Bd4 62. Ke2 Kf5 63. Kf1 Kg5 64. Kg2 Be3 65. Bb2 Bd4 66. Bc1 Kf5 67. Kf1 Be3 68. Bb2 Bd4 69. Bc1 Ke5 70. Ke2 Bg1 71. Bb2+ Bd4 72. Bc1 Bg1 73. Bb2+ Ke6 74. Kd3 d5 75. Bc1 Bh2 76. Bb2 Bg3 77. Bc1 Ke5 78. Bb2+ d4 79. Bc1 Bf2 80. Ke2 Be3 81. Bb2 Kf5 82. h4 Bg1 83. Bc1 Bh2 84. Bd2 Bg3 85. Kf1 Bxh4 86. Kg2 Bf6 87. Kh3 Bg5 88. Kg2 Ke5 89. Kh3 Kf5 90. Kg2 Bf6 91. Kh3 Kg5 92. Bc1 d3 93. Bd2 Bd4 94. Kg2 Be3 95. Bxe3 fxe3 0-1

[Event "ESP-ch U12 rapid"]
[Site "Salobrena"]
[Date "2023.07.15"]
[Round "3"]
[White "Almau Izquierdo, Ivan"]
[Black "Krauchi Romero, Martin"]
[Result "0-1"]
[WhiteElo "1224"]
[BlackElo "1729"]
[PlyCount "144"]
[EventDate "2023.07.15"]
[EventType "swiss (rapid)"]
[EventRounds "9"]
[EventCountry "ESP"]
[SourceTitle "EXT 2024"]
[Source "ChessBase"]
[SourceDate "2023.10.10"]
[SourceVersion "1"]
[SourceVersionDate "2023.10.10"]
[SourceQuality "1"]

1. e4 c5 2. Nf3 g6 3. d4 cxd4 4. Nxd4 Nc6 5. Nc3 Bg7 6. Be3 Nf6 7. f3 0-0 8. Qd2 d5 9. Nxc6 bxc6 10. exd5 Nxd5 11. Nxd5 cxd5 12. Rb1 e5 13. Bc5 Be6 14. Bxf8 Qxf8 15. Bd3 f5 16. 0-0 e4 17. fxe4 dxe4 18. Be2 Qc5+ 19. Kh1 Be5 20. b4 Qc7 21. h3 Bxa2 22. Rbd1 Be6 23. Bb5 f4 24. Qe2 e3 25. Qf3 Rc8 26. Qe4 Bf5 27. Qd5+ Kg7 28. Ba4 e2 29. Rfe1 exd1Q 30. Rxd1 Bf6 31. Qf3 Rd8 32. Rxd8 Bxd8 33. Qe2 Qe7 34. Qd2 Bc7 35. Qd4+ Qe5 36. Qd2 f3 37. gxf3 Bxh3 38. Bb3 Bc8 39. c3 Qh5+ 40. Kg1 Bb6+ 41. Kf1 Bh3+ 42. Ke2 Qe5+ 43. Kd1 Qe3 44. Qxe3 Bxe3 45. Ke2 Bb6 46. f4 Bg4+ 47. Kd3 h5 48. Bd5 Bc7 49. c4 Bxf4 50. c5 Kf6 51. Ke4 Bd2 52. b5 Ba5 53. Bb7 Bc7 54. Bd5 h4 55. Ke3 Ke5 56. Bh1 g5 57. c6 Bb6+ 58. Kd3 Bf5+ 59. Kc4 g4 60. Bd5 Bd3+ 61. Kxd3 Kxd5 62. Ke2 Kc5 63. Ke3 Kxb5+ 64. Kf4 h3 65. Kg3 Bc7+ 66. Kf2 g3+ 67. Kg1 a5 68. Kf1 a4 69. Ke2 h2 70. Kf3 h1Q+ 71. Kg4 g2 72. Kf5 g1Q 0-1

[Event "ESP-ch U12 Rapid"]
[Site "Salobrena"]
[Date "2022.07.16"]
[Round "3"]
[White "Krauchi Romero, Martin"]
[Black "Tornay Araujo, Marc"]
[Result "1-0"]
[WhiteElo "1391"]
[BlackElo "1204"]
[PlyCount "53"]
[EventDate "2022.07.09"]
[EventType "swiss (rapid)"]
[EventRounds "9"]
[EventCountry "ESP"]
[SourceTitle "EXT 2023"]
[Source "ChessBase"]
[SourceDate "2022.10.05"]
[SourceVersion "1"]
[SourceVersionDate "2022.10.05"]
[SourceQuality "1"]

1. d4 d5 2. c4 c6 3. Nf3 e6 4. e3 f5 5. b3 Nf6 6. Bd3 Bd6 7. Bb2 0-0 8. Nc3 Ne4 9. 0-0 Nd7 10. Ne2 Ndf6 11. Ne5 Bd7 12. Nf4 Be8 13. Nxe6 Qe7 14. Nxf8 Qxf8 15. f3 Ng5 16. Bxf5 Qe7 17. Qd3 g6 18. h4 Nf7 19. Nxf7 Bxf7 20. Bh3 Nh5 21. f4 Qxh4 22. Rf3 Re8 23. Bc3 Be6 24. Bxe6+ Rxe6 25. Be1 Qg4 26. cxd5 cxd5 27. Qb5 1-0

[Event "ESP-ch U12"]
[Site "Salobrena"]
[Date "2022.07.15"]
[Round "8"]
[White "Krauchi Romero, Martin"]
[Black "Herraiz Gomez, Iker"]
[Result "1-0"]
[WhiteElo "1717"]
[BlackElo "1552"]
[PlyCount "54"]
[EventDate "2022.07.04"]
[EventType "swiss"]
[EventRounds "9"]
[EventCountry "ESP"]
[SourceTitle "EXT 2023"]
[Source "ChessBase"]
[SourceDate "2022.10.05"]
[SourceVersion "1"]
[SourceVersionDate "2022.10.05"]
[SourceQuality "1"]

1. d4 Nf6 2. c4 g6 3. Nc3 Bg7 4. Nf3 0-0 5. g3 d6 6. Bg2 Nbd7 7. 0-0 e5 8. Qc2 a6 9. Rd1 exd4 10. Nxd4 Ne5 11. c5 Qe7 12. cxd6 Qxd6 13. Nc6 Qe6 14. Nd8 Qe7 15. Nxb7 Rb8 16. Na5 Qb4 17. Nb3 Bf5 18. e4 Bg4 19. Rd4 Qe7 20. Nd2 Rfd8 21. Rxd8+ Rxd8 22. h3 Be6 23. Nb3 Bc4 24. Be3 Bd3 25. Qc1 Nfd7 26. Nd5 Qd6 27. Na5 c6 1-0